000
00292nam a2200109Ia 4500
008
190919s9999||||xx |||||||||||||| ||und||
100
_a
Business & Expanded
245
0
_a
Ameena Saiyid a fountain of Knowledge
260
_a
Karachi
_b
Business & Expanded
_c
2000
300
_a
722
942
_c
BK
999
_c
10955
_d
10955